000
00247nam a2200097Ia 4500
008
230508s2005 xx 000 0 und d
041
_a
eng
100
_a
ROY & DESHMUKH
245
_a
CUTTING TOOL TECHNOLOGY VOL.I
260
_b
NIRALI PUBLI PUNE
_c
2005
999
_c
735597
_d
735597